Sociologie de Max Weber
Guardat en:
| Autor principal: | |
|---|---|
| Format: | Llibre |
| Idioma: | francès |
| Publicat: |
París
Presses Universitaires de France
1966
|
| Col·lecció: | Le Sociologie, 2
|
| Matèries: | |
| Etiquetes: |
Afegir etiqueta
Sense etiquetes, Sigues el primer a etiquetar aquest registre!
|
MARC
| LEADER | 00000nam a2200000 a 4500 | ||
|---|---|---|---|
| 001 | UCQ0804 | ||
| 003 | CL-VaPUC | ||
| 008 | 980703e19660000FR |||||||||||||||||fre|d | ||
| 082 | 0 | 4 | |a 301 |b FRE |2 21 |
| 100 | 0 | |a Freund, Julien |e author |9 414123 | |
| 245 | 1 | 0 | |a Sociologie de Max Weber |
| 300 | |a 256 p | ||
| 942 | |c BK | ||
| 945 | |d 19980703 00:00:00 |a crobeson | ||
| 260 | |a París |b Presses Universitaires de France |c 1966 | ||
| 600 | 0 | 7 | |a WEBER, MAX |2 CL-VaPUC |9 314708 |
| 650 | 0 | |a Sociología |9 255410 | |
| 650 | 7 | |a SOCIOLOGOS |2 CL-VaPUC |9 307715 | |
| 650 | 0 | |a Sociología política |9 255920 | |
| 650 | 7 | |a SOCIOLOGIA ECONOMICA |2 CL-VaPUC |9 341237 | |
| 650 | 0 | |a Sociología de la religión |9 337481 | |
| 583 | |a last modification |c 19980703 00:00:00 |k Rodrigo Vera | ||
| 490 | 0 | |a Le Sociologie, 2 | |
| 999 | |c 271835 |d 271833 | ||
| 952 | |0 0 |1 0 |4 0 |6 301_000000000000000_FRE_1966 |7 0 |8 A |9 306610 |a BIBENE |b BIBENE |d 2019-11-20 |i 1427466 |o 301 FRE 1966 |p 1427466 |r 2025-01-15 |w 2019-11-20 |y BK |k ICO | ||